Effective Observation in Social Work Practice (Record no. 120860)

MARC details
000 -LEADER
fixed length control field 00488nam a2200145Ia 4500
008 - FIXED-LENGTH DATA ELEMENTS--GENERAL INFORMATION
fixed length control field 211122s9999||||xx |||||||||||||| ||und||
082 ## - DEWEY DECIMAL CLASSIFICATION NUMBER
Classification number 361.32
Item number OLO-E
100 ## - MAIN ENTRY--PERSONAL NAME
Personal name O`Loughlin, Maureen
245 #0 - TITLE STATEMENT
Title Effective Observation in Social Work Practice
260 ## - PUBLICATION, DISTRIBUTION, ETC.
Name of publisher, distributor, etc. Sage Publications
Place of publication, distribution, etc. London
Date of publication, distribution, etc. 2015
300 ## - PHYSICAL DESCRIPTION
Extent xv+95
630 ## - SUBJECT ADDED ENTRY--UNIFORM TITLE
General subdivision General Stack
650 ## - SUBJECT ADDED ENTRY--TOPICAL TERM
Topical term or geographic name entry element Social sciences
942 ## - ADDED ENTRY ELEMENTS (KOHA)
Koha item type BOOK
650 ## - SUBJECT ADDED ENTRY--TOPICAL TERM
Form subdivision Social problems & services; associationsSocial problems & social welfare in generalSocial Work
Holdings
Withdrawn status Lost status Damaged status Not for loan Home library Current library Date acquired Cost, normal purchase price Total Checkouts Full call number Barcode Shelving location Date last seen Price effective from Koha item type
        SB LIBRARY SB LIBRARY 22/11/2021 100.00   361.32 OLO-E 00134350 GENERAL STACK 22/11/2021 22/11/2021 BOOK

Powered by Koha